| 000 | 00952cab a22002415a 4500 | ||
|---|---|---|---|
| 001 | L152640 | ||
| 008 | 110407e2011 xxk 000 0 eng d | ||
| 035 | _a(Sirsi) u152640 | ||
| 041 | _aeng | ||
| 110 |
_aChartered Institution of Civil Engineering Surveyors _95939 |
||
| 245 |
_aElectronic surveying _ba supplement to Civil Engineering Surveyor 2011 |
||
| 260 | _c2011 | ||
| 350 | _a0 | ||
| 490 |
_aCivil Engineering Surveyor _vsupplement April 2011(36) |
||
| 520 | _aA survey of electronic surveying equipment on the market with tables giving details of integrated total stations, GNSS receivers, laser scanners, electronic levels, data recorders and field computers, electronic theodolites, specialised distancers, and software. | ||
| 590 | _aKA | ||
| 650 | _aEDM | ||
| 650 | _aGPS | ||
| 650 | _aSURVEYING EQUIPMENT | ||
| 651 | 4 |
_aUnited Kingdom _y |
|
| 690 | _aENVIRONMENTAL AND LAND CONSULTANCY-GEOMATICS-LAND SURVEYING | ||
| 942 | _n0 | ||
| 999 |
_c83048 _d83048 |
||